| 000 | 00000nam 2200000zi 4500 |
| 001 | 9.867691 |
| 003 | CaOODSP |
| 005 | 20241203113645 |
| 006 | m o d f |
| 007 | cr ||||||||||| |
| 008 | 190129s1986 bcc |ob f|0| 0 eng d |
| 040 | |aCaOODSP|beng|erda|cCaOODSP |
| 043 | |an-cn-bc |
| 086 | 1 |aEn40-229/85-06E-PDF |
| 086 | 1 |aEn40-229/85-07E-PDF |
| 100 | 1 |aWaters, Robert D., |eauthor. |
| 245 | 10|aInitial environmental assessment profile of Vancouver Harbour / |cby Robert D. Waters. |
| 264 | 1|aWest Vancouver, British Columbia : |bEnvironmental Protection Service, Pacific Region, |c1986. |
| 300 | |a1 online resource (2 volumes) |
| 336 | |atext|btxt|2rdacontent |
| 337 | |acomputer|bc|2rdamedia |
| 338 | |aonline resource|bcr|2rdacarrier |
| 490 | 1 |aRegional manuscript report ; |v85-06, 85-07 |
| 500 | |aDigitized edition from print [produced by Environment and Climate Change Canada]. |
| 504 | |aIncludes bibliographical references. |
| 505 | 0 |av. 1. Report -- v. 2. An annotated bibliography on some aspects of the environment of Vancouver Harbour Burrard Inlet/Indian Arm. |
| 520 | |a"A great deal of available literature and data on the Burrard Inlet and Indian Arm system has been collected. While many environmental features were reviewed, this report has emphasized environmental toxicological aspects of ccmtaminants in water, sediment and biota"--Summary. |
| 692 | 07|2gccst|aWater pollution |
| 692 | 07|2gccst|aHarbours |
| 710 | 1 |aCanada. |bEnvironment Canada. |
| 710 | 1 |aCanada. |bEnvironmental Protection Service. |bPacific Region. |
| 830 | #0|aRegional manuscript report (Canada. Environmental Protection Service)|v85-06, 85-07|w(CaOODSP)9.867528 |
| 856 | 40|qPDF|s1.38 MB|uhttps://publications.gc.ca/collections/collection_2019/eccc/En40-229-85-06-eng.pdf|zVolume 1 |
| 856 | 40|qPDF|s5.56 MB|uhttps://publications.gc.ca/collections/collection_2019/eccc/En40-229-85-07-eng.pdf|zVolume 2 |